African Geography - Sudden Death - Statistics

General Stats
  • This quiz has been taken 337 times
  • The average score is 6 of 15
Answers on the Grid
Answers color-coded by a green-red scale on the quiz's grid according to % correct below.
Sahel Region
Mount Kilimanjaro
Red Sea
Mozambique Channel
Lake Albert
Lake Tanganyika
Niger River
Swakop River
Benguela Current
Deadvlei
Bioko Island
Tassili N'Ajjer National Park
Aures Mountains
Nabeul Peninsula
Lake Volta
Sicily
Strait of Hormuz
Persian Gulf
Sea of Galilee
Euphrates River
Gozo Island
Laccadive Sea
Rio de la Plata
K2
Klamath Mountains
Étang de Berre
Tyrrhenian Sea
Brenne Regional Natural Park
Gulf of Morbihan
Malekula
 
Answer Stats
Answer % Correct
Niger River
83%
Mount Kilimanjaro
82%
Mozambique Channel
71%
Lake Tanganyika
67%
Sahel Region
54%
Red Sea
49%
Lake Volta
40%
Tassili N'Ajjer National Park
39%
Lake Albert
31%
Bioko Island
27%
Swakop River
27%
Benguela Current
19%
Nabeul Peninsula
14%
Deadvlei
10%
Aures Mountains
5%
No matching quizzes found
Score Distribution
Percent of People with Each Score
Percentile by Number Answered
Your Score History
You have not taken this quiz